| 000 | 01024nam a2200289 i 4500 | ||
|---|---|---|---|
| 001 | 178037 | ||
| 003 | ES-MaACL | ||
| 005 | 20230902114638.0 | ||
| 008 | 110513s2002 sp |||| |bspa d | ||
| 020 | _a84-8472-053-5 | ||
| 080 | _a821.134.2-31"19" | ||
| 100 | 1 |
_aCarnés, Luisa. _935375 |
|
| 245 | 1 | 3 |
_aEl eslabón perdido / _cLuisa Carnés ; edición de Antonio Plaza Plaza. |
| 260 |
_aSevilla : _bRenacimiento, _c2002. |
||
| 300 |
_a307 p. : _b1 retr. ; _c22 cm. |
||
| 490 | 1 |
_aBiblioteca del exilio ; _v9 |
|
| 504 | _aBibliografía: p. 69-72. | ||
| 505 | 8 |
_aContiene: ; _tSalmos del adolescente desterrado, 1946 |
|
| 600 | 1 | 4 |
_aPlaza Plaza, Antonio. _9146523 |
| 740 | 0 | 2 | _aSalmos del adolescente desterrado. |
| 830 | 0 |
_aBiblioteca del exilio ; _v9 _9180374 |
|
| 852 |
_aES-MaACL _jA-11177 _9184896 _bR.145521 _cDEPO1 _dOlim: N-4182 _xDonación: Jose Esteban |
||
| 903 |
_9234040 _aEsteban, José _ednr |
||
| 942 |
_2udc _cMONOGRAFIA |
||
| 999 |
_c178037 _d178037 |
||